| 000 | 02233agaaa2200349 4500 | ||
|---|---|---|---|
| 001 | 4779 | ||
| 003 | IT-RoPAU | ||
| 005 | 20220918181224.0 | ||
| 007 | d cvaizq | ||
| 008 | 50131s9999||||xx ||| | || ||und|| | ||
| 040 |
_aIT-RoPAU _cIT-RoPAU |
||
| 041 | _aITALIANO | ||
| 100 |
_aBresson Robert _gCodice regista SPICS: 8815 _937148 |
||
| 130 |
_aARGENT (L') _937149 |
||
| 240 |
_aAVVENTURA NELLA FANTASIA (SCHEDA 15) _g 1279 |
||
| 245 |
_aARGENT (L') _cProdotto da: Hencoz Jean Marc -- Sceneggiatura: Bresson Robert Dal Racconto Il Biglietto Falso Di Tolstoj Lev -- Diretto da: Bresson Robert _pARGENT (L') (Rif. Codice opera principale : H4779) |
||
| 246 | _aAVVENTURA NELLA FANTASIA (SCHEDA 15) | ||
| 250 | _aEdizione Standard | ||
| 260 |
_aPARIGI (FRANCIA - SVIZZER) _bEOS FILMS - MARION'S FILMS - FR3 / Distribuzione: MULTIMEDIA SAN PAOLO _g"1983 (1° ed.: 2004 ; Ed. Lingua Orig.: 1983)" |
||
| 300 |
_aDVD _bsonoro, col. _c85 minuti |
||
| 508 | _a"Fotografia: De Santis Pasqualino; Montaggio: Naudon(Jean Francois; Musica: Bach Johann Sebastian; Sceneggiatura: Bresson Robert Dal Racconto Il Biglietto Falso Di Tolstoj Lev; Scenografia: Guffroy Pierre; Soggetto: Bresson Robert -- Tolstoj Lev" | ||
| 511 | _a"Baussy Didier; Briguet Michael; Forneau Marc; E.; Lang Caroline; Lapeyre Bruno; Patey " | ||
| 520 | _aDUE STUDENTI PAGANO L'ACQUISTO DI UNA MODESTA CORNICE (PER LORO ASSOLUTAMENTE INUTILE) CON UN BIGLIETTO FALSO DA 500 FRANCHI. LA PROPRIETARIA DEL NEGOZIO ESITA, MA ALLA FINE ACCETTA LA BANCONOTA CHE IL MARITO, RICONOSCIUTALACOME FALSA, UNISCE AD ALTRE, CON LE QUALI FA PAGARE DAL COMMESSO LUCIEN ALCUNE FATTURE CONSEGNATEGLI DA YVON, UN BRAVO E ONESTO LAVORATORE...APOLOGO SULLA MISERIA UMANA, SUL PECCATO, SULL'ESPIAZIONE, SUL PERDONO. | ||
| 538 | _aPAL, STEREO | ||
| 546 | _aITALIANO | ||
| 650 |
_aDRAMMATICO _eDVD-FILM [DVD] _xCodice MATERIA SPICS: 9947 _937150 |
||
| 700 |
_aBach Johann Sebastian _e(musica) _gCodice Musica SPICS: 9695 _937151 |
||
| 700 |
_aBresson Robert _e(regista) _gCodice regista SPICS: 8815 _937152 |
||
| 700 |
_aBresson Robert _e(soggetto) _gCodice Soggetto SPICS: 8815 _937153 |
||
| 700 |
_aTolstoj Lev _e(soggetto) _gCodice Soggetto 2° SPICS: 12437 _937154 |
||
| 942 |
_cDV _2ddc |
||
| 999 |
_c104691 _d104691 |
||